000
00305nam a2200133Ia 4500
008
231129s1988||||xx |||||||||||||| ||spa||
040
_b
spa
082
_a
F843 A769m
100
_a
Aron Jean-Paul
245
0
_a
Los modernos
260
_c
1988
264
_a
Fondo de Cultura Economica
942
_2
ddc
_c
BKS
999
_c
19851
_d
19851